| Tag |
First Indicator |
Second Indicator |
Subfields |
| LEADER |
00000cam a2200000 i 4500 |
| 001 |
in00004153545 |
| 005 |
20200420142014.0 |
| 008 |
190612t20192019ksua b s001 0 eng c |
| 010 |
|
|
|a 2019019338
|
| 020 |
|
|
|a 9780700628698
|q (cloth)
|
| 020 |
|
|
|a 070062869X
|
| 020 |
|
|
|z 9780700628698
|q (ebook)
|
| 020 |
|
|
|z 9780700628704
|q (ebook)
|
| 035 |
|
|
|a (OCoLC)on1096339427
|
| 040 |
|
|
|a DLC
|e rda
|c DLC
|d UtOrBLW
|
| 043 |
|
|
|a n-us---
|
| 049 |
|
|
|a TXAM
|
| 050 |
0 |
0 |
|a E489
|b .M38 2019
|
| 082 |
0 |
0 |
|a 973.7
|2 23
|
| 100 |
1 |
|
|a Maurantonio, Nicole,
|e author.
|0 http://id.loc.gov/authorities/names/n2018024480
|
| 245 |
1 |
0 |
|a Confederate exceptionalism :
|b Civil War myth and memory in the twenty-first century /
|c Nicole Maurantonio.
|
| 264 |
|
1 |
|a Lawrence :
|b University Press of Kansas,
|c [2019]
|
| 264 |
|
4 |
|c ©2019
|
| 300 |
|
|
|a xxii, 236 pages :
|b illustrations ;
|c 24 cm.
|
| 336 |
|
|
|a text
|b txt
|2 rdacontent
|
| 337 |
|
|
|a unmediated
|b n
|2 rdamedia
|
| 338 |
|
|
|a volume
|b nc
|2 rdacarrier
|
| 490 |
1 |
|
|a CultureAmerica
|
| 504 |
|
|
|a Includes bibliographical references and index.
|
| 505 |
0 |
|
|a Preface: Confederates on my corner -- Introduction: History, the museum, and Confederate exceptionalism -- "Carry me back to old Virginny" and the (neo- ) Confederate jeremiad -- Stonewall Jackson and sacred relics -- Black Confederates : the unsettling performances of living reconciliation -- Cooking Confederate and nostalgic re-enactment -- Historical diorama and protecting the Confederate habitat -- Heroes, villains, and the digital Confederacy -- Conclusion: On the (neo- ) Confederate stage.
|
| 520 |
|
|
|a In Confederate Exceptionalism, communications scholar Nicole Maurantonio considers how so-called "neo-Confederates" can distance themselves from the actions of white supremacists while also clinging to the very symbols and narratives that tether the Confederacy to histories of racism and oppression in the United States. By examining museum exhibits, monuments, consumer culture and other popular representations of the Confederacy, Maurantonio traces the ways these 21st-century Confederates blend the mythologies of the Lost Cause, frontier and manifest destiny with contemporary ideas of post-racialism and inclusion to create this separation between the Confederacy and racist systems, a narrative she calls "Confederate exceptionalism."
|
| 650 |
|
0 |
|a Exceptionalism
|z Confederate States of America.
|
| 650 |
|
0 |
|a Collective memory
|z Confederate States of America.
|
| 650 |
|
0 |
|a Material culture
|z Confederate States of America.
|
| 650 |
|
0 |
|a White supremacy movements
|z United States.
|0 http://id.loc.gov/authorities/subjects/sh91000609
|
| 650 |
|
0 |
|a Racism
|z United States.
|0 http://id.loc.gov/authorities/subjects/sh2008110339
|
| 651 |
|
0 |
|a United States
|x History
|y Civil War, 1861-1865
|x Influence.
|0 http://id.loc.gov/authorities/subjects/sh85140242
|
| 830 |
|
0 |
|a Culture America.
|0 http://id.loc.gov/authorities/names/n98088766
|
| 945 |
|
|
|b 322042
|
| 947 |
|
|
|a A14850766578
|
| 948 |
|
|
|a cataloged
|b h
|c 2020/1/24
|d c
|e dmitchel
|f 12:00:00 pm
|
| 994 |
|
|
|a 92
|b TXA
|
| 999 |
f |
f |
|s 9b8239a4-51f0-33a4-ad78-35ea4a02608b
|i cfe01eaf-5cb0-3104-83b0-aa9b157d9e30
|t 0
|
| 952 |
f |
f |
|p normal
|a Texas A&M University
|b College Station
|c Sterling C. Evans Library
|d Evans: Library Stacks
|t 0
|e E489 .M38 2019
|h Library of Congress classification
|i unmediated -- volume
|m A14850766578
|
| 998 |
f |
f |
|a E489 .M38 2019
|t 0
|l Evans: Library Stacks
|